2010s Europa League Winners XI - Statistics

General Stats
  • This quiz has been taken 9 times
  • The average score is 51 of 110
Answer Stats
Position Nationality Answer % Correct
DF Denmark Andreas Christensen
100%
FW France Antoine Griezmann
100%
DF Ecuador Antonio Valencia
100%
DF Spain Cesar Azpilicueta
100%
DF | MF Brazil David Luiz
100%
FW Belgium Eden Hazard
100%
MF Armenia Henrikh Mkhitaryan
100%
GK Slovenia Jan Oblak
100%
MF Italy Jorginho
100%
MF Spain Juan Mata
100%
MF Croatia Mateo Kovacic
100%
FW Colombia Radamel Falcao
100%
GK Belgium Thibaut Courtois
100%
FW Turkey Arda Turan
88%
FW Spain Diego Costa
88%
DF Uruguay Diego Godin
88%
FW Spain Fernando Torres
88%
MF England Frank Lampard
88%
DF Spain Juanfran
88%
GK Spain Kepa
88%
MF Spain Koke
88%
MF Belgium Marouane Fellaini
88%
MF France N'Golo Kante
88%
MF France Paul Pogba
88%
GK Czech Republic Petr Cech
88%
GK Argentina Sergio Romero
88%
DF England Ashley Cole
75%
DF Serbia Branislav Ivanovic
75%
DF Brazil Filipe Luis
75%
MF Spain Gabi
75%
DF Uruguay Jose Maria Gimenez
75%
FW England Marcus Rashford
75%
FW France Olivier Giroud
75%
FW Brazil Oscar
75%
MF Spain Ander Herrera
63%
DF Netherlands Daley Blind
63%
FW Uruguay Diego Forlan
63%
DF Italy Emerson
63%
DF England Gary Cahill
63%
MF Poland Grzegorz Krychowiak
63%
DF France Adil Rami
50%
FW Colombia Carlos Bacca
50%
DF England Chris Smalling
50%
MF Croatia Ivan Rakitic
50%
MF Spain Mario Suarez
50%
DF Italy Matteo Darmian
50%
DF Brazil Miranda
50%
FW Spain Pedro
50%
FW Brazil Ramires
50%
MF Spain Saul Niguez
50%
FW Argentina Sergio Aguero
50%
GK Spain David de Gea
38%
FW Brazil Hulk
38%
FW France Kevin Gameiro
38%
DF Argentina Nicolas Otamendi
38%
MF France Steven Nzonzi
38%
MF Argentina Ever Banega
25%
DF France Lucas Hernandez
25%
DF Croatia Sime Vrsaljko
25%
MF Spain Adrian
13%
MF Argentina Angel Correa
13%
DF France Benoit Tremoulinas
13%
GK Portugal Beto
13%
FW Brazil Diego
13%
MF Brazil Fernando
13%
MF Colombia Fredy Guarin
13%
DF Colombia Luis Perea
13%
FW Portugal Silvestre Varela
13%
MF Portugal Simao
13%
MF Cameroon Stephane Mbia
13%
DF Czech Republic Tomas Ujfalusi
13%
DF Spain Alberto Moreno
0%
DF Spain Aleix Vidal
0%
DF Spain Alvaro Dominguez
0%
DF Uruguay Alvaro Pereira
0%
DF Spain Antonio Lopez
0%
DF | MF Spain Coke
0%
DF Romania Cristian Sapunaru
0%
DF | MF Portugal Daniel Carrico
0%
GK Spain David Soria
0%
DF Argentina Federico Fazio
0%
GK Brazil Helton
0%
MF Portugal Joao Moutinho
0%
FW | MF Spain Jose Antonio Reyes
0%
DF Brazil Mariano
0%
DF Argentina Nicolas Pareja
0%
MF Brazil Paulo Assuncao
0%
MF Spain Raul Garcia
0%
DF Portugal Rolando
0%
DF Spain Sergio Escudero
0%
GK Spain Sergio Rico
0%
DF France Timothee Kolodziejczak
0%
FW | MF Spain Vitolo
0%
No matching quizzes found
Score Distribution
Percent of People with Each Score
Percentile by Number Answered
Your Score History
You have not taken this quiz